Score 0/20 Timer 05:00
0 Plays Today
Current/Last Club Name % Correct
West Brom (2018)Gareth Barry
97.5%
Portsmouth (2010)David James
91.8%
Manchester United (2013)Paul Scholes
89.3%
Liverpool (2015)Steven Gerrard
87.8%
Manchester City (2015)Frank Lampard
86.5%
Manchester United (2014)Ryan Giggs
84.9%
Chelsea (Current)John Terry
82.3%
Liverpool (2013)Jamie Carragher
82.3%
Queens Park Rangers (2015)Rio Ferdinand
74.4%
Everton (2013)Philip Neville
72.4%
Current/Last Club Name % Correct
Manchester United (Current)Michael Carrick
72.2%
Newcastle United (2011)Sol Campbell
63%
Bolton Wanderers (2008)Gary Speed
58.8%
Aston Villa (2012)Emile Heskey
57.9%
Tottenham (2014)Brad Friedel
54.2%
Bolton Wanderers (2012)Kevin Davies
53.9%
Leicester (2016)Mark Schwarzer
48.7%
Stoke (Current)Shay Given
47.2%
Bournemouth (2016)Sylvain Distin
37.4%
Fulham (2014)Aaron Hughes
22.3%
Remove Ads.
Support Sporcle.
Get the best of Sporcle when you Go Orange. This ad-free experience offers more features, more stats, and more fun while also helping to support Sporcle. Thank you for becoming a member.

You're not logged in!

Compare scores with friends on all Sporcle quizzes.
OR
Log In

Show Comments

Extras

Top Quizzes Today


Score Distribution

Your Account Isn't Verified!

In order to create a playlist on Sporcle, you need to verify the email address you used during registration. Go to your Sporcle Settings to finish the process.

Report this User

Report this user for behavior that violates our Community Guidelines.

Details: